Normal view
MARC view
- lAKSHMI E. JAYACHANDRAN
Entry Personal Name
001 - CONTROL NUMBER
- control field: 3873
003 - CONTROL NUMBER IDENTIFIER
- control field: OSt
005 - DATE AND TIME OF LATEST TRANSACTION
- control field: 20181105113307.0
008 - FIXED-LENGTH DATA ELEMENTS
- fixed length control field: 181105|| aca||aabn | a|a d
040 ## - CATALOGING SOURCE
- Original cataloging agency: OSt
- Transcribing agency: OSt
100 ## - HEADING--PERSONAL NAME
- Personal name: lAKSHMI E. JAYACHANDRAN
670 ## - SOURCE DATA FOUND
- Source citation: Work cat.: (OSt)14993: lAKSHMI E. JAYACHANDRAN NEETHISH VARGHESE, Development of Intermediate moisture product from wild FIG
